书目信息 |
| 题名: |
全球危机的本源
|
|
| 作者: | 邱恒明 主编 | |
| 分册: | ||
| 出版信息: | 北京 中信出版社 2009 |
|
| 页数: | 159页 | |
| 开本: | 23cm | |
| 丛书名: | ||
| 单 册: | ||
| 中图分类: | F831.59 | |
| 科图分类: | ||
| 主题词: | 金融危机--研究--世界 , 金融危机 | |
| 电子资源: | ||
| ISBN: | 978-7-5086-1642-1 | |
| 000 | 00925nam0 2200265 45 | |
| 001 | 1032959609 | |
| 005 | 20100408162601.10 | |
| 010 | @a978-7-5086-1642-1@dCNY20.00 | |
| 100 | @a20100330d2009 em y0chiy50 ea | |
| 101 | 0 | @achi |
| 102 | @aCN@b110000 | |
| 105 | @ay z 000yy | |
| 106 | @ar | |
| 200 | 1 | @a全球危机的本源@AQuan Qiu Wei Ji De Ben Yuan@dThe origin of global crisis@f邱恒明主编@FQiu Heng Ming Zhu Bian@zeng |
| 210 | @a北京@c中信出版社@d2009 | |
| 215 | @a159页@d23cm | |
| 300 | @a达观 第1期 | |
| 330 | @a本书分为员工揭弊、高管反思、专家诊脉及建议三部分,内容包括:谣言杀死贝尔斯登、美国次级债陷阱、美国资本主义的全球危机、一切泡沫的根源、萧条经济学的回归等。 | |
| 510 | 1 | @aOrigin of global crisis@zeng |
| 606 | 0 | @a金融危机@x研究@y世界 |
| 606 | 0 | @a金融危机 |
| 690 | @aF831.59@v4 | |
| 701 | 0 | @a邱恒明@AQiu Heng Ming@4主编 |
| 801 | 0 | @aCN@bTANGWEI@c20100408 |
| 905 | @b0586703-07@dF831.59@e40@f5 | |
| 全球危机的本源=The origin of global crisis/邱恒明主编.-北京:中信出版社,2009 |
| 159页;23cm |
| 达观 第1期 |
| ISBN 978-7-5086-1642-1:CNY20.00 |
| 本书分为员工揭弊、高管反思、专家诊脉及建议三部分,内容包括:谣言杀死贝尔斯登、美国次级债陷阱、美国资本主义的全球危机、一切泡沫的根源、萧条经济学的回归等。 |
| ● |
| 相关链接 |
|
|
|
|
正题名:全球危机的本源
索取号:F831.59/40
 
预约/预借
| 序号 | 登录号 | 条形码 | 馆藏地/架位号 | 状态 | 备注 |
| 1 | 0586703 | 205867034 | 第一样本阅览室/ [索取号:F831.59/40] | 在馆 | |
| 2 | 0586704 | 205867043 | 第一借阅区/ [索取号:F831.59/40] | 在馆 | |
| 3 | 0586705 | 205867052 | 第一借阅区/ [索取号:F831.59/40] | 在馆 | |
| 4 | 0586706 | 205867061 | 第一借阅区/ [索取号:F831.59/40] | 在馆 | |
| 5 | 0586707 | 205867070 | 第一借阅区/ [索取号:F831.59/40] | 在馆 |